Security Policy Mining

Uložené v:
Podrobná bibliografia
Hlavný autor: Košarník, Peter (Autor)
Ďalší autori: Jókay, Matúš (Vedúci práce)
Médium: Rukopis Kniha
Jazyk:Slovak
English
Vydavateľské údaje: Bratislava : STU v Bratislave FEI, 2022
Predmet:
On-line prístup:https://opac.crzp.sk/?fn=detailBiblioFormChildWP8R1&sid=62A48EA6D8C294D55EC7B5542714&seo=CRZP-detail-kniha
Tagy: Pridať tag
Žiadne tagy, Buďte prvý, kto otaguje tento záznam!

MARC

LEADER 00000ntm a22000003a 4500
001 stuzp88766
003 SK-STU
005 20230206131243.2
007 ta
008 150427s2015----xo-----f-mn---000-0-slo-d
040 |a STU  |b slo 
041 0 |a eng 
044 |a xo 
100 1 |a Košarník, Peter  |u 035000  |4 aut  |U FEI Fakulta elektrotechniky a informatiky  |T FEI Ústav informatiky a matematiky  |X 86207  |U E050  |Y 816  |7 86207 
242 0 1 |a Ťažba bezpečnostnej politiky  |y slo 
245 1 0 |a Security Policy Mining 
260 |a Bratislava :  |b STU v Bratislave FEI,  |c 2022 
300 |a 86 s., príl. 
650 4 |a Linux  |2 slo 
650 4 |a ťažba bezpečnostnej politiky  |2 slo 
650 4 |a LSM  |2 slo 
650 4 |a Medusa  |2 slo 
650 4 |a bezpečnosť operačných systémov  |2 slo 
650 4 |a Linux  |2 eng 
650 4 |a security policy mining  |2 eng 
650 4 |a LSM  |2 eng 
650 4 |a Medusa  |2 eng 
650 4 |a operating system security  |2 eng 
700 1 |a Jókay, Matúš  |u 035000  |k Z1  |4 ths  |U FEI Fakulta elektrotechniky a informatiky  |T FEI Ústav informatiky a matematiky  |X 10139  |U E050  |Y 816  |7 A000010139 
856 4 |u https://opac.crzp.sk/?fn=detailBiblioFormChildWP8R1&sid=62A48EA6D8C294D55EC7B5542714&seo=CRZP-detail-kniha